Newsletter Participants Quiz Stats

Quiz not verified by Sporcle

Challenge
Share
Tweet
Embed
Score 0/15 Timer 02:00
0 Plays Today
Affiliation % Correct
MVBNick Newman
93.4%
College KidsBenji Schallop
93.4%
MVBBen Baer
93.4%
MVBBen Rasa
93.4%
College KidsJacob Chamoff
92.1%
MVBChris Granozio
92.1%
MVBEric Schulman
92.1%
College KidsBrian Hodgkinson
90.8%
Affiliation % Correct
College KidsRyan Wynne
89.5%
MVBAndy Dispensa
89.5%
College KidsPeter Stuebe
89.5%
College KidsMike Wagner
89.5%
MVBDanny Zuko
89.5%
College KidsFrank Colaizzi
88.2%
MVBAri Cohen
86.8%

You're not logged in!

Compare scores with friends on all Sporcle quizzes.
Join for Free
OR
Log In

You Might Also Like...

Show Comments

Extras

Top Quizzes Today


Score Distribution

Your Account Isn't Verified!

In order to create a playlist on Sporcle, you need to verify the email address you used during registration. Go to your Sporcle Settings to finish the process.

Report this User

Report this user for behavior that violates our Community Guidelines.

Details: